000 00443nam a2200181Ia 4500
001 10973
005 20260306161912.0
008 260306t2019||||xx |||||||||||||| ||spa||
041 _aESP
082 _a985
_bB114 V. 1
100 _aBákula, Cecilia,
_eAUT
245 0 _aTextos y testimonios para comprender el Perú en el Bicentenario
260 _c2019
300 _a
_c
650 _aGEN
654 _aCHU
942 _cLIB
_dJUS
_fJUS
_2ddc
_n
999 _c10973
_d10973